[Event "IND-ch Blitz"]
[Site "Mahilong"]
[Date "2025.03.23"]
[Round "6"]
[White "Karthik, Venkataraman"]
[Black "Nagare, Kaivalya Sandip"]
[Result "1-0"]
[WhiteElo "2467"]
[BlackElo "2096"]
[PlyCount "113"]
[EventDate "2025.03.23"]
[EventType "swiss (blitz)"]
[EventRounds "11"]
[EventCountry "IND"]
[SourceTitle "CB13_2025"]
[SourceDate "2025.03.26"]
[SourceVersion "1"]
[SourceVersionDate "2025.03.26"]
[SourceQuality "1"]

1. e4 e5 2. Nf3 Nc6 3. Nc3 Nf6 4. Bb5 Nd4 5. Be2 Nxf3+ 6. Bxf3 Bc5 7. Na4 Be7 8. d4 d6 9. Be3 0-0 10. Nc3 c6 11. a4 Qc7 12. 0-0 exd4 13. Bxd4 Be6 14. Re1 Rad8 15. a5 b6 16. axb6 axb6 17. Qe2 Nd7 18. Nd5 cxd5 19. exd5 Bxd5 20. Bxd5 Bf6 21. Rad1 Bxd4 22. Rxd4 Nf6 23. Bb3 Rfe8 24. Qd1 Rxe1+ 25. Qxe1 Re8 26. Qf1 Qc5 27. Rd1 Qe5 28. c3 Ng4 29. g3 Qh5 30. h3 Ne5 31. Bd5 h6 32. f4 Ng6 33. Bf3 Qc5+ 34. Qf2 Re3 35. Kg2 Re8 36. Qxc5 dxc5 37. Rd6 Rb8 38. Rc6 Kf8 39. Rc7 Ne7 40. Kf2 Rd8 41. Ke2 Nf5 42. g4 Nd6 43. Bd5 Ke8 44. c4 Kf8 45. b3 Re8+ 46. Kf3 Rb8 47. h4 Ke8 48. h5 Kd8 49. Ra7 b5 50. Bxf7 bxc4 51. Bxc4 Nxc4 52. bxc4 Rb4 53. Rxg7 Rxc4 54. g5 hxg5 55. fxg5 Ke8 56. h6 Rh4 57. h7 1-0

[Event "IND-ch Blitz"]
[Site "Mahilong"]
[Date "2025.03.23"]
[Round "8"]
[White "Nitin, Senthilvel"]
[Black "Nagare, Kaivalya Sandip"]
[Result "1/2-1/2"]
[WhiteElo "2319"]
[BlackElo "2096"]
[PlyCount "96"]
[EventDate "2025.03.23"]
[EventType "swiss (blitz)"]
[EventRounds "11"]
[EventCountry "IND"]
[SourceTitle "CB13_2025"]
[SourceDate "2025.03.26"]
[SourceVersion "1"]
[SourceVersionDate "2025.03.26"]
[SourceQuality "1"]

1. e4 e5 2. Nc3 Nf6 3. d4 exd4 4. Qxd4 Nc6 5. Qd3 Bb4 6. Bd2 0-0 7. 0-0-0 Re8 8. Nge2 d6 9. Bg5 h6 10. Bxf6 Qxf6 11. Nd5 Qd8 12. Nxb4 Nxb4 13. Qd2 a5 14. Nc3 Be6 15. Kb1 d5 16. exd5 Nxd5 17. Bc4 Nxc3+ 18. Qxc3 Qg5 19. Bxe6 Rxe6 20. Qxc7 Qxg2 21. Rhg1 Qc6 22. Qxc6 bxc6 23. Rg3 Re2 24. Rf3 Rae8 25. a4 R8e4 26. b3 Re5 27. Rd7 f6 28. Rg3 Rg5 29. Rf3 Rc5 30. Rg3 Rg5 31. Rf3 Rg2 32. Rf5 Rgxf2 33. Rc5 Rxh2 34. Rxc6 Rhg2 35. Rc8+ Kh7 36. Rc5 Rg5 37. Rc6 h5 38. Rxf6 h4 39. Rf4 Rh5 40. Rg4 Re6 41. Rgxg7+ Kh6 42. Rg1 h3 43. Rd8 Kh7 44. Rd7+ Kh6 45. Rd8 Kh7 46. Rd7+ Kh6 47. Rd8 Kh7 48. Rd7+ Kh6 1/2-1/2

[Event "Titled Tuesday intern op 11th Feb Early"]
[Site "Chess.com INT"]
[Date "2025.02.11"]
[Round "2"]
[White "Nagare, Kaivalya Sandip"]
[Black "Arnav, Maheshwari"]
[Result "1-0"]
[WhiteElo "2352"]
[BlackElo "2305"]
[PlyCount "97"]
[EventDate "2025.02.11"]
[EventType "swiss (blitz)"]
[EventRounds "11"]
[EventCountry "USA"]
[SourceTitle "CB08_2025"]
[SourceDate "2025.02.19"]
[SourceVersion "1"]
[SourceVersionDate "2025.02.19"]
[SourceQuality "1"]

1. e4 c5 2. Nf3 g6 3. c3 Bg7 4. d4 cxd4 5. cxd4 d5 6. e5 Nc6 7. h3 Bf5 8. Bb5 Bxb1 9. Bxc6+ bxc6 10. Rxb1 Qa5+ 11. Bd2 Qa6 12. Qe2 Qxe2+ 13. Kxe2 h6 14. Rhc1 Kd7 15. b4 a6 16. a4 Rb8 17. Ne1 e6 18. Nd3 Bf8 19. g4 Be7 20. Rc2 Bf8 21. Rbc1 Rc8 22. b5 axb5 23. axb5 Ne7 24. Nc5+ Ke8 25. b6 Rb8 26. b7 Ng8 27. Ra2 Bxc5 28. Ra8 Ba7 29. Rxa7 Kd7 30. Bb4 Ne7 31. Bd6 h5 32. Rca1 hxg4 33. hxg4 Rhd8 34. Kd3 c5 35. Bxb8 c4+ 36. Kc3 Rxb8 37. Rb1 Kc7 38. Ra8 Nc6 39. Rxb8 Kxb8 40. f4 Kc7 41. Rb2 Kb8 42. Rb6 Na7 43. Kb4 c3 44. Kxc3 g5 45. fxg5 f5 46. gxf6 Nb5+ 47. Rxb5 Ka7 48. b8Q+ Ka6 49. Qb7# 1-0

[Event "Titled Tuesday intern op 04th Feb Early"]
[Site "Chess.com INT"]
[Date "2025.02.04"]
[Round "8"]
[White "Hjartarson, Johann"]
[Black "Nagare, Kaivalya Sandip"]
[Result "0-1"]
[WhiteElo "2464"]
[BlackElo "2352"]
[PlyCount "120"]
[EventDate "2025.02.04"]
[EventType "swiss (blitz)"]
[EventRounds "11"]
[EventCountry "USA"]
[SourceTitle "CB07_2025"]
[SourceDate "2025.02.12"]
[SourceVersion "1"]
[SourceVersionDate "2025.02.12"]
[SourceQuality "1"]

1. c4 e5 2. Nc3 Nf6 3. Nf3 Nc6 4. e3 Bb4 5. Qc2 0-0 6. Nd5 Be7 7. Bd3 h6 8. Nxf6+ Bxf6 9. Bh7+ Kh8 10. Be4 d6 11. a3 g6 12. 0-0 Bg7 13. Bxc6 bxc6 14. d3 f5 15. Bd2 c5 16. Bc3 Bb7 17. Nd2 Qg5 18. g3 Qg4 19. f3 Qh3 20. Rf2 h5 21. b4 Bh6 22. Nf1 cxb4 23. axb4 Kh7 24. b5 e4 25. dxe4 fxe4 26. f4 Qe6 27. Qb3 g5 28. Bd4 gxf4 29. exf4 e3 30. Qxe3 Qxc4 31. Rc1 Qd5 32. Rxc7+ Kg8 33. Rxb7 Qxb7 34. Qe6+ Kh7 35. Re2 Rae8 36. Qxe8 Rxe8 37. Rxe8 Qxb5 38. Re7+ Kg8 39. Rxa7 Qc4 40. Bf2 d5 41. Ne3 Qc1+ 42. Kg2 d4 43. Nf5 Qc6+ 44. Kg1 Bf8 45. Nxd4 Qe4 46. Ra5 h4 47. Rg5+ Kh7 48. Rh5+ Kg6 49. Rxh4 Qb1+ 50. Kg2 Qb7+ 51. Kh3 Qb1 52. Rg4+ Kf6 53. Kg2 Bc5 54. f5 Qd1 55. Rf4 Qd3 56. h4 Bd6 57. Rf3 Qe4 58. Nb5 Be5 59. h5 Kg5 60. Be3+ Kg4 0-1

[Event "Titled Tuesday intern op 04th Feb Early"]
[Site "Chess.com INT"]
[Date "2025.02.04"]
[Round "3"]
[White "Le, Quang Liem"]
[Black "Nagare, Kaivalya Sandip"]
[Result "1-0"]
[WhiteElo "2739"]
[BlackElo "2352"]
[PlyCount "88"]
[EventDate "2025.02.04"]
[EventType "swiss (blitz)"]
[EventRounds "11"]
[EventCountry "USA"]
[SourceTitle "CB07_2025"]
[SourceDate "2025.02.12"]
[SourceVersion "1"]
[SourceVersionDate "2025.02.12"]
[SourceQuality "1"]

1. Nf3 Nf6 2. c4 g6 3. Nc3 Bg7 4. e4 d6 5. d4 0-0 6. Be2 e5 7. 0-0 exd4 8. Nxd4 Re8 9. f3 c6 10. Kh1 d5 11. cxd5 cxd5 12. Bg5 Nc6 13. Bb5 h6 14. Nxc6 bxc6 15. Bxc6 hxg5 16. Bxa8 d4 17. Ne2 Ba6 18. Bc6 Re6 19. Ba4 Nh5 20. Bb3 Rd6 21. Qd2 Be5 22. Rad1 d3 23. Nc3 Ng3+ 24. hxg3 Bxg3 25. Nd5 Rxd5 26. Bxd5 Kg7 27. Qc3+ f6 28. Be6 Qh8+ 29. Bh3 Qh4 30. Kg1 Bf4 31. Qd4 Qg3 32. Qxa7+ Kh6 33. Qxa6 Be3+ 34. Kh1 Bf4 35. Kg1 Be3+ 36. Rf2 Qxf2+ 37. Kh1 Qg3 38. Qxf6 Kh7 39. Qe7+ Kh6 40. Qd8 Kh7 41. Qxd3 Bf4 42. Kg1 g4 43. fxg4 Be3+ 44. Kh1 Qf2 1-0

[Event "Titled Tuesday intern op 04th Feb Early"]
[Site "Chess.com INT"]
[Date "2025.02.04"]
[Round "7"]
[White "Nagare, Kaivalya Sandip"]
[Black "Crevatin, Leo"]
[Result "1/2-1/2"]
[WhiteElo "2352"]
[BlackElo "2260"]
[PlyCount "145"]
[EventDate "2025.02.04"]
[EventType "swiss (blitz)"]
[EventRounds "11"]
[EventCountry "USA"]
[SourceTitle "CB07_2025"]
[SourceDate "2025.02.12"]
[SourceVersion "1"]
[SourceVersionDate "2025.02.12"]
[SourceQuality "1"]

1. e4 c5 2. Nf3 d6 3. d4 cxd4 4. Nxd4 Nf6 5. Nc3 a6 6. h3 e5 7. Nf3 Be7 8. g4 b5 9. g5 Nfd7 10. h4 Bb7 11. Be3 Nb6 12. a4 Nxa4 13. Nxa4 bxa4 14. Rxa4 Nd7 15. h5 Bc6 16. Rc4 Bb5 17. Qd5 Qa5+ 18. Rc3 Rc8 19. Bxb5 axb5 20. 0-0 Rxc3 21. bxc3 Qxc3 22. Qxb5 Qc8 23. Ra1 0-0 24. Ra7 Nc5 25. Nh2 Qe6 26. Bxc5 dxc5 27. Qd7 Qxd7 28. Rxd7 Bxg5 29. Nf3 Bf4 30. Rc7 g6 31. Rxc5 f6 32. hxg6 hxg6 33. Kf1 Kg7 34. Rc7+ Kh6 35. Ke2 f5 36. Nd2 Rd8 37. Nb3 fxe4 38. Rc4 Kg5 39. Rxe4 Rc8 40. c4 Kf5 41. f3 Rb8 42. Nc5 Rb2+ 43. Kf1 Rd2 44. Re2 Rd1+ 45. Kg2 Rc1 46. Re4 g5 47. Nd3 Rc2+ 48. Nf2 Ke6 49. Kf1 Kd6 50. Nd3 Ke6 51. c5 Kf5 52. Re1 Rc3 53. Rd1 g4 54. fxg4+ Kxg4 55. Ke2 Kf5 56. Nxf4 Kxf4 57. Rd5 Ke4 58. Rd8 Rc2+ 59. Rd2 Rxc5 60. Ra2 Kf4 61. Ra4+ e4 62. Ra3 Rb5 63. Rc3 Rb2+ 64. Ke1 Rh2 65. Ra3 Rg2 66. Rb3 Ra2 67. Rc3 e3 68. Rc8 Kf3 69. Rf8+ Ke4 70. Re8+ Kf3 71. Rf8+ Ke4 72. Re8+ Kf3 73. Rf8+ 1/2-1/2

[Event "Titled Tuesday intern op 14th Jan Early"]
[Site "Chess.com INT"]
[Date "2025.01.14"]
[Round "7"]
[White "Kozak, Adam"]
[Black "Nagare, Kaivalya Sandip"]
[Result "1-0"]
[WhiteElo "2595"]
[BlackElo "2352"]
[PlyCount "59"]
[EventDate "2025.01.14"]
[EventType "swiss (blitz)"]
[EventRounds "11"]
[EventCountry "USA"]
[SourceTitle "CB04_2025"]
[SourceDate "2025.01.22"]
[SourceVersion "1"]
[SourceVersionDate "2025.01.22"]
[SourceQuality "1"]

1. d4 Nf6 2. c4 e6 3. Nf3 d5 4. Nc3 Bb4 5. g3 0-0 6. Bg2 dxc4 7. 0-0 c5 8. a3 Bxc3 9. bxc3 Qe7 10. a4 b6 11. Ne5 Bb7 12. Nxc4 Bxg2 13. Kxg2 Rd8 14. e3 Nc6 15. Qf3 Rac8 16. Ba3 e5 17. dxc5 bxc5 18. e4 Qe6 19. Qe2 h5 20. Rfd1 h4 21. f3 hxg3 22. hxg3 Nh5 23. Ne3 Qb3 24. Qc4 Qb7 25. Nf5 Na5 26. Qb5 Qxb5 27. axb5 Rxd1 28. Rxd1 Nc4 29. Ne7+ Kh7 30. Rh1 1-0

[Event "Titled Tuesday intern op 14th Jan Early"]
[Site "Chess.com INT"]
[Date "2025.01.14"]
[Round "2"]
[White "Nagare, Kaivalya Sandip"]
[Black "Adu, Oladapo"]
[Result "1-0"]
[WhiteElo "2352"]
[BlackElo "2060"]
[PlyCount "45"]
[EventDate "2025.01.14"]
[EventType "swiss (blitz)"]
[EventRounds "11"]
[EventCountry "USA"]
[SourceTitle "CB04_2025"]
[SourceDate "2025.01.22"]
[SourceVersion "1"]
[SourceVersionDate "2025.01.22"]
[SourceQuality "1"]

1. e4 c5 2. Nf3 e6 3. d4 cxd4 4. Nxd4 a6 5. c4 Nf6 6. Nc3 Qc7 7. a3 b6 8. Bd3 Bb7 9. 0-0 Bd6 10. f4 Bc5 11. Be3 Nc6 12. Bc2 0-0 13. e5 Ng4 14. Qxg4 Nxd4 15. Bxd4 Bxd4+ 16. Kh1 Qxc4 17. f5 exf5 18. Rxf5 Rac8 19. Rf4 h5 20. Qxh5 g6 21. Bxg6 Bxg2+ 22. Kxg2 Qc6+ 23. Be4 1-0

[Event "Titled Tuesday intern op 14th Jan Early"]
[Site "Chess.com INT"]
[Date "2025.01.14"]
[Round "10"]
[White "Nagare, Kaivalya Sandip"]
[Black "Khodko, Yurii N"]
[Result "1-0"]
[WhiteElo "2352"]
[BlackElo "2354"]
[PlyCount "69"]
[EventDate "2025.01.14"]
[EventType "swiss (blitz)"]
[EventRounds "11"]
[EventCountry "USA"]
[SourceTitle "CB04_2025"]
[SourceDate "2025.01.22"]
[SourceVersion "1"]
[SourceVersionDate "2025.01.22"]
[SourceQuality "1"]

1. e4 e6 2. d4 d5 3. Nc3 Bb4 4. e5 c5 5. a3 Bxc3+ 6. bxc3 Ne7 7. a4 b6 8. Bb5+ Bd7 9. Bd3 0-0 10. Nf3 h6 11. h4 Nbc6 12. Bd2 f6 13. Rh3 fxe5 14. Nxe5 Nxe5 15. dxe5 c4 16. Be2 Nf5 17. h5 Kh8 18. g4 Ne7 19. Be3 Rf7 20. Qd2 Qf8 21. g5 Nf5 22. Bf4 Nd4 23. cxd4 Rxf4 24. gxh6 gxh6 25. Raa3 Qf5 26. Rag3 Rf8 27. Rh4 Be8 28. Qe3 Kh7 29. Rhg4 Bxh5 30. Rg7+ Kh8 31. Bxh5 Qxh5 32. Qxf4 Qh1+ 33. Kd2 Rxf4 34. Rg8+ Kh7 35. R3g7# 1-0

[Event "Titled Tuesday intern op 14th Jan Early"]
[Site "Chess.com INT"]
[Date "2025.01.14"]
[Round "4"]
[White "Nagare, Kaivalya Sandip"]
[Black "Makarian, Rudik"]
[Result "1-0"]
[WhiteElo "2352"]
[BlackElo "2547"]
[PlyCount "85"]
[EventDate "2025.01.14"]
[EventType "swiss (blitz)"]
[EventRounds "11"]
[EventCountry "USA"]
[SourceTitle "CB04_2025"]
[SourceDate "2025.01.22"]
[SourceVersion "1"]
[SourceVersionDate "2025.01.22"]
[SourceQuality "1"]

1. e4 c5 2. Nf3 d6 3. d4 cxd4 4. Nxd4 Nf6 5. Nc3 a6 6. Bg5 Nbd7 7. Qe2 h6 8. Bxf6 Nxf6 9. 0-0-0 e5 10. Nf5 g6 11. Ne3 Be6 12. f4 exf4 13. e5 fxe3 14. exf6 Qxf6 15. Qxe3 Qe5 16. Qxe5 dxe5 17. Nd5 0-0-0 18. Bc4 h5 19. Nb6+ Kc7 20. Bxe6 Bh6+ 21. Kb1 fxe6 22. Nc4 e4 23. Rde1 Rd4 24. Ne5 Rf8 25. c3 Rd2 26. Rxe4 Rxg2 27. Rd1 Rff2 28. Rc4+ Kb8 29. Rb4 Rd2 30. Rf1 Rgf2 31. Rxf2 Rxf2 32. Nxg6 Rg2 33. Nf4 Rxh2 34. Nxe6 h4 35. a4 Re2 36. Nc5 Bf8 37. Nd7+ Kc7 38. Nxf8 h3 39. Rh4 h2 40. Ka2 Kd6 41. Nh7 Rg2 42. Nf6 Ke5 43. Rxh2 1-0

[Event "Titled Tuesday intern op 14th Jan Early"]
[Site "Chess.com INT"]
[Date "2025.01.14"]
[Round "3"]
[White "Savitha Shri, B."]
[Black "Nagare, Kaivalya Sandip"]
[Result "0-1"]
[WhiteElo "2331"]
[BlackElo "2352"]
[PlyCount "60"]
[EventDate "2025.01.14"]
[EventType "swiss (blitz)"]
[EventRounds "11"]
[EventCountry "USA"]
[SourceTitle "CB04_2025"]
[SourceDate "2025.01.22"]
[SourceVersion "1"]
[SourceVersionDate "2025.01.22"]
[SourceQuality "1"]

1. e4 e5 2. Nf3 Nc6 3. Bb5 Nf6 4. Nc3 Nd4 5. Ba4 Nxf3+ 6. Qxf3 Bc5 7. d3 c6 8. Bg5 h6 9. Bh4 d6 10. Bb3 g5 11. d4 exd4 12. e5 dxe5 13. Ne4 Be7 14. Bg3 0-0 15. Bxe5 Qa5+ 16. Kd1 Qxe5 17. Re1 Qf4 18. Qxf4 gxf4 19. Nd2 Bd6 20. h3 Bf5 21. Nf3 d3 22. cxd3 Bxd3 23. Kd2 Bh7 24. Kc3 Ne4+ 25. Kd4 Bc5+ 26. Kc4 b5+ 27. Kd3 Rad8+ 28. Ke2 Nxf2 29. Rac1 Nd3 30. Rc3 Rfe8+ 0-1

[Event "Titled Tuesday intern op 24th Sep Early"]
[Site "Chess.com INT"]
[Date "2024.09.24"]
[Round "10"]
[White "Nagare, Kaivalya Sandip"]
[Black "Terry, Renato"]
[Result "1-0"]
[WhiteElo "2352"]
[BlackElo "2508"]
[PlyCount "57"]
[EventDate "2024.09.24"]
[EventType "swiss (blitz)"]
[EventRounds "11"]
[EventCountry "USA"]
[SourceTitle "EXT 2025"]
[Source "ChessBase"]
[SourceDate "2024.10.14"]
[SourceVersion "1"]
[SourceVersionDate "2024.10.14"]
[SourceQuality "1"]

1. e4 e6 2. d4 d5 3. Nd2 Be7 4. Ngf3 Nf6 5. Bd3 c5 6. exd5 Qxd5 7. dxc5 Qxc5 8. 0-0 Nbd7 9. b3 b6 10. Ne4 Qc7 11. Bb2 Bb7 12. Qe2 0-0 13. Rad1 Rfd8 14. Rfe1 Rac8 15. Neg5 Nc5 16. Bc4 Rxd1 17. Rxd1 Rd8 18. Rxd8+ Qxd8 19. Ne5 Nd5 20. Qh5 Nf6 21. Qxf7+ Kh8 22. Nxe6 Nxe6 23. Qxe6 Qd1+ 24. Bf1 Bd5 25. Qxe7 h6 26. Ng6+ Kh7 27. Bxf6 Kxg6 28. Qxg7+ Kf5 29. Bc3 1-0

[Event "Titled Tuesday intern op 24th Sep Early"]
[Site "Chess.com INT"]
[Date "2024.09.24"]
[Round "6"]
[White "Nagare, Kaivalya Sandip"]
[Black "Valle Luis, Leo"]
[Result "1-0"]
[WhiteElo "2352"]
[BlackElo "2266"]
[PlyCount "92"]
[EventDate "2024.09.24"]
[EventType "swiss (blitz)"]
[EventRounds "11"]
[EventCountry "USA"]
[SourceTitle "EXT 2025"]
[Source "ChessBase"]
[SourceDate "2024.10.14"]
[SourceVersion "1"]
[SourceVersionDate "2024.10.14"]
[SourceQuality "1"]

1. e4 c6 2. d4 d5 3. e5 Bf5 4. h4 h5 5. c4 e6 6. Nc3 dxc4 7. Bxc4 Nd7 8. Nge2 Ne7 9. Ng3 Bg6 10. Bg5 b5 11. Bb3 Qb6 12. Nge4 Nd5 13. 0-0 a5 14. a4 b4 15. Nxd5 cxd5 16. Ng3 Be7 17. Bxe7 Kxe7 18. f4 Rhd8 19. f5 exf5 20. Nxf5+ Kf8 21. Bxd5 Rab8 22. Kh1 Re8 23. Bxf7 Bxf7 24. Nd6 Kg8 25. Rxf7 Nxe5 26. dxe5 Rxe5 27. Nc4 Kxf7 28. Nxb6 Rxb6 29. Qd7+ Kg6 30. Qd3+ Rf5 31. Rf1 Rbf6 32. Rxf5 Rxf5 33. Kh2 Kf6 34. Qd6+ Kf7 35. b3 g6 36. Kg3 Kg7 37. Kh3 Kf7 38. Qd3 Kf6 39. g4 hxg4+ 40. Kxg4 Rh5 41. Qd8+ Kg7 42. Qe7+ Kh6 43. Kf4 Rf5+ 44. Ke4 Kh5 45. Qh7+ Kg4 46. Qxg6+ Kxh4 1-0

[Event "Titled Tuesday intern op 17th Sep Early"]
[Site "Chess,com INT"]
[Date "2024.09.17"]
[Round "10"]
[White "Boyer, Mahel"]
[Black "Nagare, Kaivalya Sandip"]
[Result "0-1"]
[WhiteElo "2489"]
[BlackElo "2352"]
[PlyCount "90"]
[EventDate "2024.09.17"]
[EventType "swiss (blitz)"]
[EventRounds "11"]
[EventCountry "USA"]
[SourceTitle "EXT 2025"]
[Source "ChessBase"]
[SourceDate "2024.10.14"]
[SourceVersion "1"]
[SourceVersionDate "2024.10.14"]
[SourceQuality "1"]

1. Nf3 Nf6 2. g3 g6 3. b3 Bg7 4. Bb2 0-0 5. Bg2 d6 6. d4 Nbd7 7. 0-0 Re8 8. c4 c6 9. Qd2 Qc7 10. Nc3 e5 11. Rad1 e4 12. Ng5 d5 13. cxd5 cxd5 14. Rc1 Qb6 15. Na4 Qa6 16. Rc7 h6 17. Nh3 Nb6 18. Nc5 Qb5 19. a4 Nxa4 20. Nxa4 Qxb3 21. Qc2 Qb4 22. f3 exf3 23. Rxf3 Bg4 24. Nf4 Bxf3 25. Bxf3 Qe1+ 26. Kg2 Ne4 27. Nd3 Qa5 28. Rxb7 Rac8 29. Qb3 Nd2 30. Qxd5 Rxe2+ 31. Kh3 Qxd5 32. Bxd5 Nf1 33. Rxf7 Rxh2+ 34. Kg4 Ne3+ 35. Kf3 Nxd5 36. Rxa7 Rf8+ 37. Ke4 Nf6+ 38. Ke5 Rd2 39. Nac5 Nd7+ 40. Ke4 Nxc5+ 41. dxc5 Bxb2 42. Nf4 Rd4+ 43. Ke3 Re8+ 44. Kf3 Rc4 45. Nxg6 Rxc5 0-1

[Event "Titled Tuesday intern op 17th Sep Early"]
[Site "Chess,com INT"]
[Date "2024.09.17"]
[Round "9"]
[White "Nagare, Kaivalya Sandip"]
[Black "Titarov, Vasilii"]
[Result "1-0"]
[WhiteElo "2352"]
[BlackElo "2095"]
[PlyCount "57"]
[EventDate "2024.09.17"]
[EventType "swiss (blitz)"]
[EventRounds "11"]
[EventCountry "USA"]
[SourceTitle "EXT 2025"]
[Source "ChessBase"]
[SourceDate "2024.10.14"]
[SourceVersion "1"]
[SourceVersionDate "2024.10.14"]
[SourceQuality "1"]

1. e4 Nf6 2. e5 Nd5 3. d4 d6 4. Nf3 dxe5 5. Nxe5 c6 6. a3 Nd7 7. Nf3 N7f6 8. c4 Nb6 9. Nc3 Bf5 10. Be2 e6 11. 0-0 Bd6 12. c5 Nbd5 13. cxd6 Qxd6 14. Bg5 0-0 15. Bxf6 Nxf6 16. h3 h6 17. Bd3 Bxd3 18. Qxd3 Rfd8 19. Rad1 a5 20. Rfe1 b5 21. Ne4 Nxe4 22. Qxe4 Rac8 23. Qe5 Qe7 24. Qc5 Qc7 25. Rc1 Rd5 26. Qc2 Qd6 27. Re5 Rxd4 28. Nxd4 Qxe5 29. Nxc6 1-0

[Event "Titled Tuesday intern op 10th Sep Early"]
[Site "Chess,com INT"]
[Date "2024.09.10"]
[Round "9"]
[White "Nagare, Kaivalya Sandip"]
[Black "Chekletsov, Ilya"]
[Result "1-0"]
[WhiteElo "2352"]
[BlackElo "2338"]
[PlyCount "53"]
[EventDate "2024.09.10"]
[EventType "swiss (blitz)"]
[EventRounds "11"]
[EventCountry "USA"]
[SourceTitle "EXT 2025"]
[Source "ChessBase"]
[SourceDate "2024.10.14"]
[SourceVersion "1"]
[SourceVersionDate "2024.10.14"]
[SourceQuality "1"]

1. e4 c5 2. Nf3 d6 3. d4 cxd4 4. Nxd4 Nf6 5. Nc3 g6 6. Be3 Bg7 7. f3 0-0 8. Qd2 Nc6 9. 0-0-0 d5 10. exd5 Nxd5 11. Nxc6 bxc6 12. Bd4 Bxd4 13. Qxd4 Qb6 14. Na4 Qc7 15. Nc5 Rd8 16. g4 Rd6 17. Qf2 Nb4 18. Rxd6 exd6 19. Ne4 Nxa2+ 20. Kb1 Be6 21. Qd4 Rb8 22. Nf6+ Kf8 23. Nxh7+ Ke7 24. Bc4 Bxc4 25. Qxc4 Nb4 26. Re1+ Kd8 27. Nf6 1-0

[Event "Titled Tuesday intern op 10th Sep Early"]
[Site "Chess,com INT"]
[Date "2024.09.10"]
[Round "2"]
[White "Nagare, Kaivalya Sandip"]
[Black "Rodriguez Fontecha, Marcos"]
[Result "0-1"]
[WhiteElo "2352"]
[BlackElo "2278"]
[PlyCount "78"]
[EventDate "2024.09.10"]
[EventType "swiss (blitz)"]
[EventRounds "11"]
[EventCountry "USA"]
[SourceTitle "EXT 2025"]
[Source "ChessBase"]
[SourceDate "2024.10.14"]
[SourceVersion "1"]
[SourceVersionDate "2024.10.14"]
[SourceQuality "1"]

1. e4 e6 2. d4 d5 3. Nd2 c5 4. Ngf3 cxd4 5. Nxd4 Nf6 6. exd5 Nxd5 7. N2f3 Be7 8. Bd3 Bf6 9. 0-0 0-0 10. c4 Nb4 11. Be4 N8c6 12. Be3 Nxd4 13. Nxd4 Na6 14. Rb1 Qe7 15. Qe2 Rd8 16. Rfd1 Nc5 17. Bc2 a5 18. b3 Bd7 19. Rd2 Be8 20. Rbd1 g6 21. f3 Na6 22. Nb5 Rxd2 23. Rxd2 Rd8 24. Be4 Bc6 25. Bb6 Rd7 26. Bxa5 Qc5+ 27. Kh1 Bxb5 28. h3 Bc6 29. Rxd7 Bxd7 30. Qd2 Bc6 31. b4 Qxc4 32. Bd3 Qd4 33. b5 Nc5 34. bxc6 Nxd3 35. cxb7 Be5 36. Bc3 Nf2+ 37. Qxf2 Qxf2 38. Bxe5 Qe1+ 39. Kh2 Qxe5+ 0-1